| 000 | 01208cad a22002415a 4500 | ||
|---|---|---|---|
| 001 | L148802 | ||
| 008 | 091111s2009 xxkabd f 000 0 eng d | ||
| 035 | _a(Sirsi) u148802 | ||
| 041 | 0 | _aeng | |
| 050 | 0 | 4 | _a333.33 $2 18 |
| 110 | 2 |
_aSavills Research _95211 |
|
| 245 | 0 | 0 |
_aUK Residential Development Land _bNovember 2009 _h[electronic resource] |
| 260 |
_aLondon _bSavills _c2009 |
||
| 490 | 0 |
_aSavills Market in Minutes _vNovember 2009 |
|
| 520 | _aPresents recent trends in UK residential development land for the third quarter 2009. Reports that land markets are starting to show signs of stability. Residential land values increased by 3.6% while urban land values rose by 0.2%. Residential land values and hotel land values increased in London, however office land values fell by 7.3% in the capital. Urban land values in the North fell by 11.8% in the last three months. | ||
| 521 | _aAdvanced | ||
| 590 | _aKA | ||
| 650 | 2 | 4 | _aSAVILLS MARKET IN MINUTES |
| 651 | 4 |
_aUnited Kingdom _y |
|
| 690 |
_aResidential property _96266 |
||
| 856 | 4 | 0 |
_uhttps://www.savills.co.uk/research/Report.aspx?nodeID=10935# _zView the report free of charge (after registration) at www.savills.co.uk... |
| 942 | _n0 | ||
| 999 |
_c110232 _d110232 |
||